|
|
|
|
| LEADER |
00000nam0a2200000 4500 |
| 001 |
317333 |
| 005 |
20231102002950.0 |
| 035 |
|
|
|a (RuTPU)RU\TPU\book\342801
|
| 090 |
|
|
|a 317333
|
| 100 |
|
|
|a 20160407d1958 m y0rusy50 ca
|
| 101 |
0 |
|
|a rus
|
| 102 |
|
|
|a RU
|
| 105 |
|
|
|a a j 001zy
|
| 200 |
1 |
|
|a Электрические промышленные печи
|e учебное пособие
|f А. Д. Свенчанский
|h Ч. 1
|i Печи сопротивления
|
| 205 |
|
|
|a [2-е изд.]
|
| 210 |
|
|
|a Москва
|a Ленинград
|c Госэнергоиздат
|d 1958
|
| 215 |
|
|
|a 288 с.
|c ил.
|
| 320 |
|
|
|a Библиогр.: с. 238-239
|
| 606 |
1 |
|
|a Электрические печи
|2 stltpush
|3 (RuTPU)RU\TPU\subj\27255
|
| 606 |
1 |
|
|a Электрические печи сопротивления
|2 stltpush
|3 (RuTPU)RU\TPU\subj\60361
|9 77722
|
| 610 |
1 |
|
|a учебные пособия
|
| 610 |
1 |
|
|a теплопередача
|
| 610 |
1 |
|
|a материалы
|
| 610 |
1 |
|
|a низкотемпературные печи
|
| 610 |
1 |
|
|a среднетемпературные печи
|
| 610 |
1 |
|
|a высокотемпературные печи
|
| 610 |
1 |
|
|a огнеупорные материалы
|
| 610 |
1 |
|
|a теплоизоляционные материалы
|
| 610 |
1 |
|
|a жароупорные материалы
|
| 610 |
1 |
|
|a соляные ванны
|
| 610 |
1 |
|
|a тепловой расчет
|
| 610 |
1 |
|
|a эксплуатация
|
| 610 |
1 |
|
|a таблицы
|
| 675 |
|
|
|a 621.365(075.8)
|v 4
|
| 675 |
|
|
|a 621.365.4(075.8)
|v 4
|
| 700 |
|
1 |
|a Свенчанский
|b А. Д.
|g Александр Данилович
|
| 801 |
|
1 |
|a RU
|b 63413507
|c 20160407
|
| 801 |
|
2 |
|a RU
|b 63413507
|c 20171030
|g RCR
|
| 942 |
|
|
|c BK
|